|
|
|
|
| LEADER |
00627nab a2200169 i 4500 |
| 001 |
misc6532 |
| 005 |
20191106142059.0 |
| 008 |
170607s1938 hu o 0|| hun d |
| 040 |
|
|
|a SZTE Miscellanea Repozitórium
|b hun
|
| 041 |
|
|
|a hun
|
| 100 |
1 |
|
|a Pethő Tibor
|
| 245 |
1 |
0 |
|a Osztalékszelvények
|h [elektronikus dokumentum] :
|b (A MNB. 298. számú körlevele) /
|c Pethő Tibor
|
| 260 |
|
|
|c 1938
|
| 300 |
|
|
|a 145-146a
|
| 490 |
0 |
|
|a Polgári jog : a hazai és külföldi magánjog és hiteljog szemléje
|v 14
|
| 695 |
|
|
|a Hiteljog - részvény
|
| 856 |
4 |
0 |
|u http://misc.bibl.u-szeged.hu/6532/1/polgari_jog_1938_145-146a.pdf
|z Dokumentum-elérés
|